| 000 | 01004nam a22002417a 4500 | ||
|---|---|---|---|
| 999 |
_c65696 _d65696 |
||
| 005 | 20240530110838.0 | ||
| 008 | 191209s2006 ua a f 000 0 ara d | ||
| 017 |
_a1426/1320 _bمصر. دار الكتب |
||
| 020 | _a9960378306 | ||
| 040 |
_aEG-CaGPL _cEG-CaGPL |
||
| 082 | 0 | 4 |
_221 _a913.031 _bق/ك ا |
| 100 | 1 | _aكرونين ، ج. ام. | |
| 245 | 1 | 0 |
_aاساسيات ترميم الاثار / _cتاليف ج. ام. كرونين ، و.س.روبنسون ؛ ترجمة عبدالناصر بن عبدالرحمن الزهرانى |
| 260 |
_aالرياض : _bدار جامعة الملك سعود للنشر، _c2006 |
||
| 300 |
_a526 ص. : _bايض. ؛ _c24 سم. |
||
| 650 | 0 | 7 |
_2qrmak _aالاثار _xترميم _zمصر |
| 650 | 0 | 7 |
_aالمعادن _2qrmak _xترميم |
| 651 | _2qrmak | ||
| 700 | 0 |
_aو . س. روبنسون _eمؤلف |
|
| 700 | 0 |
_aعبدالناصر بن عبد الرحمن الزهرانى _eمترجم |
|
| 942 |
_2ddc _cBK |
||